书目信息 |
| 题名: |
化学
|
|
| 作者: | 王祖浩 主编 | |
| 分册: | 选择性必修2 | |
| 出版信息: | 南京 江苏凤凰教育出版社 2021 |
|
| 页数: | 120页 | |
| 开本: | 30cm | |
| 丛书名: | ||
| 单 册: | ||
| 中图分类: | G634.81 , G634.8 | |
| 科图分类: | ||
| 主题词: | 中学化学课--Zhong Xue Hua Xue Ke--教材 | |
| 电子资源: | ||
| ISBN: | 978-7-5499-9277-5 | |
| 000 | 00779nam0 2200253 450 | |
| 001 | 010793822 | |
| 005 | 20241125105832.02 | |
| 010 | @a978-7-5499-9277-5@dCNY9.70 | |
| 100 | @a20241025d2021 em y0chiy50 ea | |
| 101 | 0 | @achi |
| 102 | @aCN@b320000 | |
| 105 | @aa z 000yy | |
| 106 | @ar | |
| 200 | 1 | @a化学@AHua Xue@i选择性必修2@i物质结构与性质@f王祖浩主编 |
| 210 | @a南京@c江苏凤凰教育出版社@d2021@h2024重印 | |
| 215 | @a120页@c图@d30cm | |
| 300 | @a普通高中教科书 | |
| 517 | 1 | @a物质结构与性质@AWu Zhi Jie Gou Yu Xing Zhi |
| 606 | 0 | @a中学化学课@AZhong Xue Hua Xue Ke@j教材 |
| 690 | @aG634.81@v5 | |
| 690 | @aG634.8@v4 | |
| 701 | 0 | @a王祖浩@AWang Zu Hao@f(1958.5-)@4主编@4册主编 |
| 801 | 0 | @aCN@bAHXH@c20241025 |
| 905 | @b214149492@b214149483@dG634.8@e2842:2@f2 | |
| 化学.选择性必修2.物质结构与性质/王祖浩主编.-南京:江苏凤凰教育出版社,2021(2024重印) |
| 120页:图;30cm |
| 普通高中教科书 |
| ISBN 978-7-5499-9277-5:CNY9.70 |
| ● |
| 相关链接 |
|
|
|
|
正题名:化学
索取号:G634.8/2842:2
 
预约/预借
| 序号 | 登录号 | 条形码 | 馆藏地/架位号 | 状态 | 备注 |
| 1 | 1414948 | 214149483 | 第四借阅区/ [索取号:G634.8/2842:2] | 在馆 | |
| 2 | 1414949 | 214149492 | 第四借阅区/ [索取号:G634.8/2842:2] | 在馆 |